| 000 | 00813nam a22002057a 4500 | ||
|---|---|---|---|
| 005 | 20240530110606.0 | ||
| 008 | 160507s2013 ua g b f000 0 ara d | ||
| 020 | _a9789774486104 | ||
| 040 | _aEG-CaGPL | ||
| 082 | 0 | 4 |
_a305.6\ _bس م _221 |
| 245 | 0 | 2 |
_aالمتشددون المحدثون : _bدراسة لحركات اسلامية معاصرة / _cاشراف احمد خليفه ؛ تحرير سهير لطفى. |
| 260 |
_aالقاهرة : _bالهيئة المصرية العامة للكتاب، _c2013. |
||
| 300 |
_a2 مج. ؛ _c24 سم. |
||
| 504 | _aيشتمل على ببليوجرافية. | ||
| 650 | 0 | 4 | _aالحركات الاسلامية |
| 700 | 0 |
_4احمد خليفة _eمشرف. |
|
| 700 | 0 |
_aسهير لطفى _eمحرر. |
|
| 942 |
_2ddc _cBK |
||
| 999 |
_c62765 _d62765 |
||